| 000 | 00750nam a22002297i 4500 | ||
|---|---|---|---|
| 003 | URS | ||
| 005 | 20220117095833.0 | ||
| 008 | 160925b xxu||||| |||| 00| 0 eng d | ||
| 020 | _a9710863258 | ||
| 040 |
_erda _cURS _bEnglish |
||
| 050 |
_aPN4121 _b.M366 2007 |
||
| 100 |
_aMartinez, Norma D., _eauthor. |
||
| 245 |
_aResponsible speech communication / _cNorma D. Martinez ; with some portion contributed by Erlinda R. Magpayo. |
||
| 264 | 1 |
_aMandaluyong City : _bNational Book Store, _c©2007. |
|
| 300 |
_axi, 200 pages ; _c21 cm. |
||
| 336 |
_atext _btxt _2rdacontent |
||
| 337 |
_aunmediated _bn _2rdamedia |
||
| 338 |
_avolume _bnc _2rdacarrier |
||
| 650 | 0 | _aPublic speaking. | |
| 700 |
_aMagpayo, Erlinda R., _econtributor. |
||
| 942 |
_2lcc _cF |
||
| 999 |
_c10181 _d10181 |
||